000 00416nam a2200181Ia 4500
001 18586
005 20260306171641.0
008 260306s9999||||xx |||||||||||||| ||und||
041 _aESP
082 _a658.4092
_bC28
100 _aCardona, Pablo
_eAUT
245 0 _aCreciendo como líder
260 _c2009
300 _a224 páginas :
_c23 cm.
650 _aGEN
654 _aCAN
942 _cLIB
_dJUS
_fJUS
_2ddc
_n
999 _c18586
_d18586